Statistics for Sonic the Hedgehog 2D Levels/Zones (Hard Version)

Click here to take the quiz!

General Stats

  • This quiz has been taken 6 times
  • The average score is 66 of 175

Answer Stats

GameZone% Correct
Sonic 1 | Sonic Blast | Sonic ManiaGreen Hill
100%
Sonic 1Marble
100%
Sonic 1Scrap Brain
100%
Sonic 2Chemical Plant
80%
Sonic 1Final
80%
Sonic 1Labyrinth
80%
Sonic 1Spring Yard
80%
Sonic 1Star Light
80%
Sonic 3 and Knuckles | Sonic Advance | Sonic ManiaAngel Island
60%
Sonic 2Aquatic Ruin
60%
Sonic 3 and KnucklesCarnival Night
60%
Sonic 2Casino Night
60%
Sonic Advance 3Cyber Track
60%
Sonic 2 | Sonic 3 and KnucklesDeath Egg
60%
Sonic 3 and KnucklesDoomsday
60%
Sonic AdvanceEgg Rocket
60%
Sonic Advance 2Egg Utopia
60%
Sonic 2Emerald Hill
60%
Sonic 3 and Knuckles | Sonic ManiaFlying Battery
60%
Sonic 2Hill Top
60%
Sonic Advance 2Hot Crater
60%
Sonic 3 and Knuckles | Sonic ManiaHydrocity
60%
Sonic 3 and KnucklesIce Cap
60%
Sonic AdvanceIce Mountain
60%
Sonic Advance 2Ice Paradise
60%
Sonic 1 Game GearJungle
60%
Sonic 3 and KnucklesLaunch Base
60%
Sonic Advance 2Leaf Forest
60%
Sonic RushLeaf Storm
60%
Sonic 3 and KnucklesMarble Garden
60%
Sonic CD | Sonic ManiaMetallic Madness
60%
Sonic 2Metropolis
60%
Sonic ManiaMirage Saloon
60%
Sonic 3 and KnucklesMushroom Hill
60%
Sonic Advance 2Music Plant
60%
Sonic 2Mystic Cave
60%
Sonic AdvanceNeo Green Hill
60%
Sonic 2 | Sonic ManiaOil Ocean
60%
Sonic CDPalmtree Panic
60%
Sonic Advance 3Route 99
60%
Sonic 3 and KnucklesSandopolis
60%
Sonic 2 Game GearScrambled Egg
60%
Sonic AdvanceSecret Base
60%
Sonic Advance 2Sky Canyon
60%
Sonic 2 | Sonic Pocket AdventureSky Chase
60%
Sonic 3 and KnucklesSky Sanctuary
60%
Sonic 4 Episode 1Splash Hill
60%
Sonic CD | Sonic ManiaStardust Speedway
60%
Sonic ManiaStudiopolis
60%
Sonic Advance 3Sunset Hill
60%
Sonic Advance 2Techno Base
60%
Sonic ManiaTitanic Monarch
60%
Sonic SpinballToxic Caves
60%
Sonic Advance 3Toy Kingdom
60%
Sonic Advance 3Twinkle Snow
60%
Sonic 2 Game GearUnderground
60%
Sonic CDWacky Workbench
60%
Sonic RushWater Palace
60%
Sonic 2Wing Fortress
60%
Sonic Pocket AdventureAerobase
40%
Sonic RushAltitude Limit
40%
Sonic Pocket AdventureAquatic Relix
40%
Sonic 1 Game GearBridge
40%
Sonic AdvanceCasino Paradise
40%
Sonic Advance 3Chaos Angel
40%
Sonic CDCollision Chaos
40%
Sonic Rush AdventureCoral Cave
40%
Sonic AdvanceCosmic Angel
40%
Sonic Pocket AdventureCosmic Casino
40%
Sonic 3D BlastDiamond Dust
40%
Sonic 2 Game GearGimmick Mountain
40%
Sonic 3D BlastGreen Grove
40%
Sonic 3 and KnucklesHidden Palace
40%
Sonic 3 and Knuckles | Sonic ManiaLava Reef
40%
Sonic Rush AdventureMachine Labyrinth
40%
Sonic 4 Episode 1Mad Gear
40%
Sonic ChaosMecha Green Hill
40%
Sonic RushNight Carnival
40%
Sonic Advance 3Ocean Base
40%
Sonic 4 Episode 2Oil Desert
40%
Sonic 3D BlastPanic Puppet
40%
Sonic Rush AdventurePlant Kingdom
40%
Sonic CDQuartz Quadrant
40%
Sonic 3D BlastRusty Ruin
40%
Sonic BlastSilver Castle
40%
Sonic 3D BlastSpring Stadium
40%
Sonic 4 Episode 2Sylvania Castle
40%
Sonic SpinballThe Machine
40%
Sonic CDTidal Tempest
40%
Sonic ChaosTurquoise Hill
40%
Sonic 3D BlastVolcano Valley
40%
Sonic Advance 2XX
40%
Sonic AdvanceX-Zone
40%
Sonic BlastYellow Desert
40%
Knuckles ChaotixAmazing Arena
20%
Sonic 2 Game GearAqua Lake
20%
Sonic Rush AdventureBlizzard Peaks
20%
Sonic BlastBlue Marine
20%
Knuckles ChaotixBotanic Base
20%
Sonic 4 Episode 1Casino Street
20%
Sonic Pocket AdventureChaotic Space
20%
Sonic 2 Game GearCrystal Egg
20%
Sonic RushDead Line
20%
Sonic 4 Episode 2Death Egg Mk. II
20%
Sonic ManiaEgg Reverie
20%
Sonic ChaosElectric Egg
20%
Sonic SpinballFinal Showdown/The Showdown
20%
Sonic 3D BlastGene Gadget
20%
Sonic Pocket AdventureGigantic Angel
20%
Sonic 2 Game GearGreen Hills
20%
Sonic RushHuge Crisis
20%
Knuckles ChaotixIsolated Island
20%
Sonic Pocket AdventureLast Utopia
20%
Sonic SpinballLava Powerhouse
20%
Sonic 4 Episode 1Lost Labyrinth
20%
Knuckles ChaotixMarina Madness
20%
Sonic RushMirage Road
20%
Sonic Pocket AdventureNeo South Island
20%
Sonic ManiaPress Garden
20%
Sonic BlastRed Volcano
20%
Sonic Pocket AdventureSecret Plant
20%
Sonic Rush AdventureSky Babylon
20%
Sonic 1 Game GearSky Base
20%
Sonic ChaosSleeping Egg
20%
Knuckles ChaotixSpeed Slider
20%
Knuckles ChaotixTechno Tower
20%
Sonic AdvanceThe Moon
20%
Sonic Advance 2True Area 53
20%
Sonic Rush AdventureWhale Point
20%
Sonic ChaosAqua Planet
0%
Sonic Triple TroubleAtomic Destroyer
0%
Tails AdventureBattle Fortress
0%
Sonic Rush AdventureBig Swell
0%
Tails AdventureCaron Forest
0%
Tails AdventureCavern Island
0%
Tails AdventureCoco Island
0%
Tails' SkypatrolDark Castle
0%
Sonic Rush AdventureDeep Core
0%
Sonic 4 Episode 1EGG Station
0%
Sonic ChaosGigalopolis
0%
Sonic Triple TroubleGreat Turquoise
0%
Tails AdventureGreen Island
0%
Sonic Rush AdventureHaunted Cave
0%
Sonic LabyrinthLabyrinth of the Castle
0%
Sonic LabyrinthLabyrinth of the Factory
0%
Sonic LabyrinthLabyrinth of the Sea
0%
Sonic LabyrinthLabyrinth of the Sky
0%
Tails AdventureLake Crystal
0%
Tails AdventureLake Rocky
0%
Sonic Triple TroubleMeta Junglira
0%
Tails' SkypatrolMetal Island
0%
Sonic Rush AdventurePirate's Island
0%
Tails AdventurePoloy Forest
0%
Tails AdventurePoloy Mountain
0%
Tails' SkypatrolRail Canyon
0%
Sonic Triple TroubleRobotnik Winter
0%
Tails' SkypatrolRuin Wood
0%
Sonic 4 Episode 2Sky Fortress
0%
Sonic 2 Game GearSky High
0%
Sonic Triple TroubleSunset Park
0%
Sonic Triple TroubleTidal Plant
0%
Tails AdventureVolcanic Tunnel
0%
Sonic 4 Episode 2White Park
0%

Score Distribution

Percentile by Number Answered

Percent of People with Each Score

Your Score History

You have not taken this quiz